[Event "SVK-chT1E 1718"]
[Site "Slovakia"]
[Date "2017.11.05"]
[Round "4.2"]
[White "Fiacan, Robert"]
[Black "Ligart, Tamas"]
[Result "1-0"]
[WhiteElo "2216"]
[BlackElo "2180"]
[PlyCount "95"]
[EventDate "2017.10.21"]
[EventType "team-tourn"]
[EventRounds "11"]
[EventCountry "SVK"]
[SourceTitle "CBM 181 Extra"]
[Source "ChessBase"]
[SourceDate "2017.12.12"]
[SourceVersion "1"]
[SourceVersionDate "2017.12.12"]
[SourceQuality "1"]
[WhiteTeam "Kosice Slavia TU II"]
[BlackTeam "Jelsava Magnezit"]
[WhiteTeamCountry "SVK"]
[BlackTeamCountry "SVK"]

1. e4 e5 2. Nf3 Nc6 3. Bb5 a6 4. Ba4 Nf6 5. 0-0 Be7 6. Re1 b5 7. Bb3 d6 8. c3 0-0 9. h3 Na5 10. Bc2 c5 11. d4 Nd7 12. Nbd2 exd4 13. cxd4 Nc6 14. d5 Nce5 15. Nxe5 Nxe5 16. f4 Ng6 17. Nf3 Bh4 18. Rf1 Re8 19. Nxh4 Qxh4 20. Qf3 Bd7 21. Bd2 a5 22. Rae1 b4 23. Kh2 Bb5 24. Rf2 Qf6 25. Bc1 a4 26. g3 c4 27. a3 b3 28. Bb1 Rac8 29. Re3 Qd8 30. Bd2 f6 31. Bc3 Ba6 32. h4 Bb7 33. h5 Nf8 34. g4 Qe7 35. g5 fxg5 36. Rg2 Nd7 37. Rxg5 Nf6 38. h6 g6 39. f5 Nxd5 40. f6 Qf7 41. exd5 Rxe3 42. Qxe3 Bxd5 43. Qg3 Re8 44. Rxg6+ hxg6 45. Bxg6 Re2+ 46. Kh3 Be6+ 47. Kh4 Rh2+ 48. Kg5 1-0

[Event "SVK-chT2D 1617"]
[Site "Slovakia"]
[Date "2017.03.11"]
[Round "10.1"]
[White "Krak, Tomas"]
[Black "Fiacan, Robert"]
[Result "1-0"]
[WhiteElo "2311"]
[BlackElo "2180"]
[PlyCount "81"]
[EventDate "2016.10.08"]
[EventType "team-tourn"]
[EventRounds "11"]
[EventCountry "SVK"]
[SourceTitle "EXT 2019"]
[Source "ChessBase"]
[SourceDate "2018.10.10"]
[SourceVersion "1"]
[SourceVersionDate "2018.10.10"]
[SourceQuality "1"]
[WhiteTeam "Humenne Reinter II"]
[BlackTeam "Kosice Slavia TU IV"]
[WhiteTeamCountry "SVK"]
[BlackTeamCountry "SVK"]

1. Nf3 g6 2. c4 Bg7 3. Nc3 d6 4. d4 Nd7 5. e4 e5 6. d5 Ne7 7. h4 h6 8. h5 Nf6 9. hxg6 fxg6 10. Be2 g5 11. Nh2 Ng6 12. g3 0-0 13. Be3 Qd7 14. Qd3 a6 15. c5 Qe7 16. 0-0-0 Bd7 17. f3 Rf7 18. Qc4 Bf8 19. c6 bxc6 20. dxc6 Be6 21. Qa4 Bg7 22. Bc4 Nf8 23. Rdf1 Bxc4 24. Qxc4 Qe6 25. Nd5 Nxd5 26. exd5 Qg6 27. Qe4 Rb8 28. Ng4 Qxe4 29. fxe4 Rxf1+ 30. Rxf1 Rb4 31. Nf2 Nh7 32. a3 Rb3 33. Re1 Nf6 34. Kc2 Rb8 35. g4 Kf7 36. b4 Kg6 37. Rg1 Bf8 38. Kd3 Be7 39. Bd2 h5 40. gxh5+ Nxh5 41. Nh3 1-0

[Event "SVK-chT2D 1617"]
[Site "Slovakia"]
[Date "2017.02.11"]
[Round "8.1"]
[White "Fiacan, Robert"]
[Black "Marek, Stanislav"]
[Result "1-0"]
[WhiteElo "2180"]
[BlackElo "2157"]
[PlyCount "133"]
[EventDate "2016.10.08"]
[EventType "team-tourn"]
[EventRounds "11"]
[EventCountry "SVK"]
[SourceTitle "EXT 2018"]
[Source "ChessBase"]
[SourceDate "2017.10.13"]
[SourceVersion "1"]
[SourceVersionDate "2017.10.13"]
[SourceQuality "1"]
[WhiteTeam "Kosice Slavia TU IV"]
[BlackTeam "Presov Tatran"]
[WhiteTeamCountry "SVK"]
[BlackTeamCountry "SVK"]

1. e4 e5 2. Nf3 Nc6 3. Bb5 a6 4. Ba4 Nf6 5. 0-0 Be7 6. Re1 b5 7. Bb3 d6 8. c3 0-0 9. h3 Bb7 10. d4 Re8 11. Nbd2 Bf8 12. Ng5 Re7 13. d5 Nb8 14. Nf1 Nbd7 15. Ng3 h6 16. Nf3 Re8 17. Bc2 c6 18. dxc6 Bxc6 19. Nh2 Nc5 20. Ng4 Nxg4 21. Qxg4 Qf6 22. b4 Ne6 23. Nh5 Qg6 24. Qf5 a5 25. Re3 Qxf5 26. exf5 Nf4 27. Nxf4 exf4 28. Rxe8 Rxe8 29. Bxf4 axb4 30. cxb4 d5 31. a3 Ra8 32. Be5 Be7 33. Bd3 Bd7 34. Kf1 Kf8 35. Ke2 Bf6 36. Bxf6 gxf6 37. Ke3 Ke7 38. Kd4 Kd6 39. Ra2 Bc6 40. Be2 Bd7 41. g4 Bc6 42. Ra1 Bd7 43. f4 Bc6 44. h4 Re8 45. Bf3 Ra8 46. g5 hxg5 47. hxg5 fxg5 48. fxg5 Ra7 49. Be2 Re7 50. Bd3 Ra7 51. Rh1 Rxa3 52. Rh6+ Kc7 53. Rh7 Rb3 54. g6 Be8 55. gxf7 Bxf7 56. Rxf7+ Kd6 57. Rf6+ Ke7 58. Re6+ Kf7 59. Be2 Rxb4+ 60. Kxd5 Rf4 61. Bh5+ Kg7 62. Ke5 Rf2 63. f6+ Kh6 64. f7+ Kg7 65. Rg6+ Kf8 66. Rg8+ Ke7 67. Re8+ 1-0

[Event "SVK-chT2D 1617"]
[Site "Slovakia"]
[Date "2017.01.21"]
[Round "7.1"]
[White "Balazs, Ladislav"]
[Black "Fiacan, Robert"]
[Result "1/2-1/2"]
[WhiteElo "2087"]
[BlackElo "2180"]
[PlyCount "176"]
[EventDate "2016.10.08"]
[EventType "team-tourn"]
[EventRounds "11"]
[EventCountry "SVK"]
[SourceTitle "EXT 2018"]
[Source "ChessBase"]
[SourceDate "2017.10.13"]
[SourceVersion "1"]
[SourceVersionDate "2017.10.13"]
[SourceQuality "1"]
[WhiteTeam "Kosice Dynamo"]
[BlackTeam "Kosice Slavia TU IV"]
[WhiteTeamCountry "SVK"]
[BlackTeamCountry "SVK"]

1. Nf3 g6 2. c4 Bg7 3. Nc3 d6 4. d4 Nd7 5. e4 e5 6. d5 Ne7 7. Be3 0-0 8. g4 f5 9. gxf5 gxf5 10. Bh3 f4 11. Bd2 h6 12. Be6+ Kh8 13. Qe2 Nf6 14. Bxc8 Qxc8 15. 0-0-0 c6 16. Kb1 b5 17. c5 cxd5 18. cxd6 Ng6 19. exd5 Qf5+ 20. Ka1 b4 21. Nb5 Nxd5 22. Bc1 e4 23. Nfd4 f3 24. Qc4 Qf7 25. Nb3 Ndf4 26. Qxe4 Ne2 27. Nc7 Rad8 28. Qe6 Nxc1 29. Rxc1 Nf4 30. Qxf7 Rxf7 31. Rhd1 Rfd7 32. Nb5 a6 33. Nc5 axb5 34. Nxd7 Rxd7 35. Rc7 Rd8 36. d7 Ne6 37. Rc8 Bf8 38. Kb1 Kg7 39. Re1 Rxd7 40. Rxe6 Bd6 41. Rc6 Bf4 42. Rg6+ Kh7 43. Rgf6 Rd1+ 44. Kc2 Rd2+ 45. Kb3 Be5 46. Rxh6+ Kg7 47. Kxb4 Rxb2+ 48. Kc5 Rxf2 49. Kd5 Re2 50. Rhg6+ Kf7 51. Rg5 Bxh2 52. Rf5+ Kg7 53. Rxf3 Rxa2 54. Rb6 Rb2 55. Ra3 Rd2+ 56. Ke4 Bd6 57. Raa6 Be7 58. Rxb5 Re2+ 59. Kf3 Re1 60. Kf4 Rf1+ 61. Ke5 Bf6+ 62. Ke6 Re1+ 63. Kd7 Kg6 64. Rbb6 Rd1+ 65. Rd6 Rf1 66. Ra2 Kf5 67. Re2 Rf3 68. Rdd2 Kg6 69. Ke6 Bg5 70. Rd5 Rf6+ 71. Kd7 Rf7+ 72. Kc6 Bf4 73. Re6+ Rf6 74. Kd7 Kf7 75. Rxf6+ Kxf6 76. Kc6 Be5 77. Rd3 Ke6 78. Re3 Kf5 79. Kd5 Bf4 80. Rf3 Kg4 81. Ke4 Bg3 82. Rf8 Bd6 83. Rg8+ Kh3 84. Kf3 Kh2 85. Rg6 Bc5 86. Rg5 Bd6 87. Rg2+ Kh1 88. Rd2 Bc7 1/2-1/2

[Event "SVK-chT1E 1617"]
[Site "Slovakia"]
[Date "2016.12.10"]
[Round "5.6"]
[White "Fiacan, Robert"]
[Black "Ondo, Tomas"]
[Result "1-0"]
[WhiteElo "2180"]
[BlackElo "1865"]
[PlyCount "74"]
[EventDate "2016.10.15"]
[EventType "team-tourn"]
[EventRounds "11"]
[EventCountry "SVK"]
[SourceTitle "EXT 2018"]
[Source "ChessBase"]
[SourceDate "2017.10.13"]
[SourceVersion "1"]
[SourceVersionDate "2017.10.13"]
[SourceQuality "1"]
[WhiteTeam "Kosice Slavia TU"]
[BlackTeam "Michalovce Zemplin"]
[WhiteTeamCountry "SVK"]
[BlackTeamCountry "SVK"]

1. e4 e5 2. Nf3 Nc6 3. Bb5 a6 4. Ba4 Nf6 5. 0-0 b5 6. Bb3 Be7 7. Re1 0-0 8. d3 d6 9. c3 Na5 10. Bc2 c5 11. Nbd2 Be6 12. Nf1 Nc6 13. d4 cxd4 14. cxd4 Bg4 15. d5 Nd4 16. Bd3 h6 17. Ne3 Nxf3+ 18. gxf3 Bh5 19. Nf5 Nh7 20. Ng3 Bg6 21. f4 exf4 22. Bxf4 Bg5 23. Bd2 Bxd2 24. Qxd2 Ng5 25. Qe3 Qf6 26. Kg2 Nh7 27. Re2 Qe7 28. f4 f6 29. a4 Qd7 30. Rc2 Rfb8 31. f5 Be8 32. axb5 axb5 33. Rxa8 Rxa8 34. Qb6 Ra7 35. Bxb5 Qe7 36. Bxe8 Rb7 37. Qc6 Rb8 1-0